Theory of perfectly plastic solids (Record no. 11873)
[ view plain ]
| 000 -LEADER | |
|---|---|
| fixed length control field | 01036cam a22002771 4500 |
| 001 - CONTROL NUMBER | |
| control field | 1231405 |
| 005 - DATE AND TIME OF LATEST TRANSACTION | |
| control field | 19851115000000.0 |
| 008 - FIXED-LENGTH DATA ELEMENTS--GENERAL INFORMATION | |
| fixed length control field | 700928r19681951nyua b 000 0 eng |
| 010 ## - LIBRARY OF CONGRESS CONTROL NUMBER | |
| LC control number | 68019164 |
| 040 ## - CATALOGING SOURCE | |
| Original cataloging agency | DLC |
| Transcribing agency | DLC |
| Modifying agency | DLC |
| 050 00 - LIBRARY OF CONGRESS CALL NUMBER | |
| Classification number | QA931 |
| Item number | .P787 1968 |
| 082 00 - DEWEY DECIMAL CLASSIFICATION NUMBER | |
| Classification number | 620.11233 |
| Edition number | 22 |
| Item number | PRA |
| 100 1# - MAIN ENTRY--PERSONAL NAME | |
| Personal name | Prager, William, |
| Dates associated with a name | 1903-1980. |
| 9 (RLIN) | 6332 |
| 245 10 - TITLE STATEMENT | |
| Title | Theory of perfectly plastic solids |
| Statement of responsibility, etc | [by] William Prager [and] Philip G. Hodge, Jr. |
| 260 ## - PUBLICATION, DISTRIBUTION, ETC. (IMPRINT) | |
| Place of publication, distribution, etc | New York: |
| Name of publisher, distributor, etc | John Wiley & Sons, |
| Date of publication, distribution, etc | 1951 |
| 300 ## - PHYSICAL DESCRIPTION | |
| Extent | x, 264 p.: |
| Other physical details | ill. ; |
| Dimensions | 22 cm. |
| 350 ## - PRICE (NR) (BK AM CF MU VM SE) [OBSOLETE] | |
| Price | 3.00 |
| 500 ## - GENERAL NOTE | |
| General note | "An unabridge and corrected republication of the work originally published ... in 1951." |
| 504 ## - BIBLIOGRAPHY, ETC. NOTE | |
| Bibliography, etc | Includes bibliographies. |
| 650 #0 - SUBJECT ADDED ENTRY--TOPICAL TERM | |
| Topical term or geographic name as entry element | Plasticity. |
| 9 (RLIN) | 6333 |
| 650 #0 - SUBJECT ADDED ENTRY--TOPICAL TERM | |
| Topical term or geographic name as entry element | Solids. |
| 9 (RLIN) | 6334 |
| 700 1# - ADDED ENTRY--PERSONAL NAME | |
| Personal name | Hodge, Philip Gibson, |
| Dates associated with a name | 1920- |
| Relator term | joint author. |
| 9 (RLIN) | 6335 |
| 740 ## - ADDED ENTRY--UNCONTROLLED RELATED/ANALYTICAL TITLE | |
| Uncontrolled related/analytical title | Plastic solids. |
| 942 ## - ADDED ENTRY ELEMENTS (KOHA) | |
| Source of classification or shelving scheme | Dewey Decimal Classification |
| Item type | Book - Borrowing |
| Withdrawn status | Item status | Source of classification or shelving scheme | Damaged status | Not for loan | Vendor | Home library | Current library | Shelving location | Date acquired | Source of acquisition | Cost, normal purchase price | Total Checkouts | Full call number | Barcode | Date last seen | Date last borrowed | Koha item type |
|---|---|---|---|---|---|---|---|---|---|---|---|---|---|---|---|---|---|
| Dewey Decimal Classification | Alef-Baa | Central Library | Central Library | First floor | 17/06/2009 | 150.00 | 1 | 620.11233 PRA | 000016834 | 15/07/2025 | 23/11/2013 | Book - Borrowing |